000 01584nam0a22002891 4500
001 rc\2566006
005 20250623110548.0
035 _a(NLR Aleph) 006730825
090 _a5542099
_c5542099
100 _a20110914d1927 |||y0rusy50 ca
101 0 _arus
102 _aRU
105 _ab z |||||
200 1 _aПредварительный отчет о работах Агрономического отряда в Якутском округе в 1926 г.
_fС. А. Никитин
_gЯкутск. экспедиция Акад. наук СССР
210 _aЛенинград
_cизд-во Акад. наук СССР
_d1927
_gтип. Сев.-Зап. промбюро ВСНХ
215 _a(195-217) с., [1] вклад. л. красочн. карт.
_d23х15 см.
300 _aОтдельн. оттиск из сборника "Краткие отчеты о работах отрядов Якутской экспедиции Акад. наук 1925-1926 гг." Вып. 10. Матер. Комиссии по изучению Якутск. АССР
300 _aБез тит. листа. Описано по обложке
300 _aПеред загл. - С. А. Никитин
702 1 _4570
_7ca
_8rus
_aНикитин
_bС. А.
_cагроном
_gСергей Александрович
_9240694
_3RU\NLR\AUTH\770240750
710 1 2 _aЯкутская экспедиция (; 1925-;)
_bАгрономический отряд
801 0 _aRU
_bNLR
_gpsbo
801 1 _aRU
_bELAR
_2rusmarc
852 _aNLR
_j59/1695
942 _cBOOK
980 _aNB